The criminal court manual (Madras acts)

Disimpan dalam:
Butiran Bibliografi
Pengarang Korporat: Madras (India : State)
Format: Buku
Bahasa:English
Diterbitkan: Madras, Madras law journal office, 1953.
Edisi:3. ed.
Subjek-subjek:
Penanda-penanda: Tambah Penanda
Tiada Penanda, Jadilah orang pertama menanda rekod ini!
LEADER 00620nam a2200205K 4500
001 005228501-4
005 20020606095253.2
008 950126s1953 ii 000 0 eng d
035 0 |a ocm78058140 
040 |a HVL  |c HVL 
110 1 |a Madras (India : State) 
245 1 4 |a The criminal court manual (Madras acts) 
250 |a 3. ed. 
260 |a Madras,  |b Madras law journal office,  |c 1953. 
300 |a xiv, 960, clxii p.  |c 25 cm. 
500 |a "Statute and case-law corrected up to end of February, 1953." 
690 9 |a Criminal law  |z Madras (State)  |5 law 
655 7 |a Statutes and codes.  |2 lcgft 
988 |a 20020608 
906 |0 MH